000 00707nam a2200181 a 4500
008 130424s2008 ||||||||||||||||| || u
020 _a9780324645217
050 _aHF 5635 Ree
100 _aWarren, Carl S
245 1 0 _aPrinciples of financial and managerial accounting. (9th ed.)
_cby James M. Reeve and Carl S.Warren
250 _a9th ed.
260 _aMason, OH:
_bThomson South-Western
_c2008
300 _axxxii, 118p.: ill.
650 0 _aMANAGERIAL ACCOUNTING
650 0 _aACCOUNTING--HANDBOOKS, MANUALS, ETC
700 _aReeve, James M
995 _FCBU-MAIN LIBRARY (Kitwe)
_M1
_UAVAILABLE
_WJul 9, 2013
_ZMain Library Open Access Collection
999 _c54571
_d54571